000 01165cam a2200229 4500
001 WB3832-20
008 020904n2002 000 0 eng u
035 _a(Sirsi) u119565
245 _aNew incineration of waste controls
260 _c2002
490 _aRICS Minerals and Waste Management Faculty News
_v2 September 2002 (1)
520 _aA public consultation on new controls for the incinceration of waste in Scotland is launched to implement the EC Waste Incineration Directive (2000/76/EC) The proposals introduce tough operating conditions and set minimum technical requirements for incinerators and co-incinerators. The consultation deadline is 20 November 2002. RICS Minerals & Waste Management Faculty news story http://www.rics.org/ricscms/bin/show?class=News&template=/includes/shownews.html&id=3526&faculty=Minerals%20and%20Waste%20Management&faculty=All%20Faculties
590 _aWB
650 _aWASTE INCINERATION
650 _aWASTE INCINERATORS
650 _aCONSULTATION
650 _aEU DIRECTIVES
650 _aWASTE CONTROL
650 _aSCOTLAND
690 _aENVIRONMENTAL AND LAND CONSULTANCY-WASTE MANAGEMENT
942 _n0
999 _c71088
_d71088